00555nam a22001697a 450000500170000001000150001702000260003203500140005803700130007208200100008524500690009525000200016426000570018427000870024130000260032870000310035420220228110614.0 aENG-131819 a9789388096447c232.00 aEN-115351 bDBAD/PUB a658.1 aBusiness Organization and Management/cB.E.V.L. Naidu [et.al...] aRevised Edition aHyderabadbSevenHills International Publishersc2021 bHyderabada# 326/C, Level-4, Surneni Nilayam Near B K Guda Park, S R Nagare500038 axvi, 328p.c24cm(pbk) aNaidu, B.E.V.L. [et.al...]